Top 10 des communes de France par lettre - S - Statistiques

Statistiques générales
  • Ce quiz a été pris 103 fois
  • Le résultat moyen est 7 sur 10
Statistiques - réponses
Région Population Commune % Correct
Grand Est 291.709 Strasbourg
97%
La Réunion 153.149 Saint-Denis
96%
Île-de-France 148.907 Saint-Denis
96%
Auvergne-Rhône-Alpes 172.569 Saint-Étienne
91%
La Réunion 106.220 Saint-Paul
71%
La Réunion 85.254 Saint-Pierre
71%
Pays de la Loire 73.111 Saint-Nazaire
53%
Île-de-France 58.576 Sarcelles
49%
La Réunion 57.546 Saint-André
26%
Île-de-France 76.010 Saint-Maur-des-Fossés
18%
Aucun quiz correspondant
Distribution des résultats
% des personnes avec chaque résultat
Percentile par nombre de réponses
Votre historique - résultats
Vous n’avez pas pris ce quiz